Datum a čas kvízu
30
Celkem bodů
Celkový počet nahraných bodů na tomto kvízu bez doplňovacích otázek.
5.
Pořadí na kvízu
Konečné umístění týmu na tomto kvízu.
Zaznamenané odpovědi
| # | Otázka | Odpověď | Body | Výsledky |
|---|---|---|---|---|
| 1. | Ke kácení stromů ve většině př... | trhavinu | 1 | |
| 2. | Nevšední hříšník uvízl v pondě... | C) holub | 1 | |
| 3. | Ve zprávách se minulý týden ob... | Čečensko | 0 | |
| 4. | Minulý týden oznámila italská... | Silvio Berlusconi | 1 | |
| 5. | Francouzská parkouristka Anouk... | šplh na laně | 1 | |
| 6. | V pěti otázkách tohoto tématu... | kámen | 1 | |
| 7. | Jaká je denní dávka kuchyňské... | B | 1 | |
| 8. | Jak se nazývá původem japonská... | C) gomasio | 0 | |
| 9. | Jak zní obchodní název takzvan... | Praganda | 1 | |
| 10. | Jeden z nejznámějších a nejsta... | D) Wieliczka | 1 |